[Event "ODJM A 2022"]
[Site "Willingen GER"]
[Date "2022.06.05"]
[Round "1"]
[White "Gallasch, Robin"]
[Black "Stelmaszyk, Nico"]
[Result "0-1"]
[Termination "normal"]
[Board "1"]
[BlackTitle "FM"]
[WhiteElo "2063"]
[BlackElo "2302"]
[WhiteClock "00:00:43"]
[BlackClock "00:43:06"]
[PlyCount "48"]
[WhiteFideId "16222423"]
[BlackFideId "16200462"]
[EventCountry "GER"]
[EventRounds "9"]
[EventType "swiss"]
[EventDate "2022.06.04"]

1. Nf3 {[%clk 1:30:50]} Nf6 {[%clk 1:30:43]} 2. g3 {[%clk 1:30:42]} b5 {[%clk
1:31:07]} 3. Bg2 {[%clk 1:30:07]} Bb7 {[%clk 1:30:36]} 4. O-O {[%clk 1:30:22]}
c5 {[%clk 1:27:34]} 5. d3 {[%clk 1:22:44]} g6 {[%clk 1:22:18]} 6. e4 {[%clk
1:19:15]} Bg7 {[%clk 1:20:32]} 7. e5 {[%clk 1:08:49]} Nd5 {[%clk 1:18:11]} 8.
c4 {[%clk 1:07:37]} Nc7 {[%clk 1:15:43]} 9. Nc3 {[%clk 0:56:16]} b4 {[%clk
1:12:57]} 10. Ne4 {[%clk 0:56:26]} Bxe4 {[%clk 1:13:01]} 11. dxe4 {[%clk
0:56:51]} Nc6 {[%clk 1:13:05]} 12. Bf4 {[%clk 0:49:31]} Ne6 {[%clk 1:10:22]}
13. Qd5 {[%clk 0:46:41]} Rc8 {[%clk 1:04:16]} 14. Rad1 {[%clk 0:36:07]} Ned4
{[%clk 1:00:23]} 15. Nxd4 {[%clk 0:10:10]} Nxd4 {[%clk 0:52:20]} 16. Qb7 {[%clk
0:05:52]} a5 {[%clk 0:48:56]} 17. Bh3 {[%clk 0:04:43]} e6 {[%clk 0:44:10]} 18.
Rxd4 {[%clk 0:01:45]} cxd4 {[%clk 0:44:30]} 19. b3 {[%clk 0:01:15]} O-O {[%clk
0:44:06]} 20. Rd1 {[%clk 0:01:30]} g5 {[%clk 0:43:15]} 21. Bc1 {[%clk 0:01:06]}
Bxe5 {[%clk 0:43:28]} 22. f4 {[%clk 0:00:47]} gxf4 {[%clk 0:42:51]} 23. gxf4
{[%clk 0:01:10]} Qh4 {[%clk 0:42:44]} 24. fxe5 {[%clk 0:00:43]} Qxh3 {[%clk
0:43:06]} 0-1

[Event "ODJM A 2022"]
[Site "Willingen GER"]
[Date "2022.06.05"]
[Round "1"]
[White "Schimnatkowski, Lukas"]
[Black "Herter, Arne"]
[Result "1-0"]
[Termination "normal"]
[Board "2"]
[WhiteElo "2206"]
[BlackElo "1943"]
[WhiteClock "00:05:19"]
[BlackClock "00:00:46"]
[PlyCount "57"]
[WhiteFideId "12936723"]
[BlackFideId "16255372"]
[EventCountry "GER"]
[EventRounds "9"]
[EventType "swiss"]
[EventDate "2022.06.04"]

1. e4 {[%clk 1:30:54]} e5 {[%clk 1:30:54]} 2. Nf3 {[%clk 1:31:13]} Nc6 {[%clk
1:31:18]} 3. Bc4 {[%clk 1:31:36]} Bc5 {[%clk 1:31:39]} 4. O-O {[%clk 1:31:06]}
Nf6 {[%clk 1:31:57]} 5. d4 {[%clk 1:31:12]} Bxd4 {[%clk 1:31:59]} 6. Nxd4
{[%clk 1:31:34]} Nxd4 {[%clk 1:32:21]} 7. f4 {[%clk 1:31:56]} d6 {[%clk
1:32:01]} 8. fxe5 {[%clk 1:32:20]} dxe5 {[%clk 1:32:23]} 9. Bg5 {[%clk
1:32:44]} Qe7 {[%clk 1:32:08]} 10. Nd2 {[%clk 1:13:13]} Bd7 {[%clk 1:23:57]}
11. Nb3 {[%clk 0:49:50]} O-O-O {[%clk 1:05:38]} 12. Nxd4 {[%clk 0:30:18]} exd4
{[%clk 1:05:55]} 13. Qf3 {[%clk 0:21:44]} Qc5 {[%clk 0:38:17]} 14. Bxf6 {[%clk
0:21:19]} gxf6 {[%clk 0:35:46]} 15. Bd3 {[%clk 0:20:59]} f5 {[%clk 0:29:44]}
16. Qh5 {[%clk 0:18:42]} f6 {[%clk 0:26:04]} 17. exf5 {[%clk 0:14:15]} Bc6
{[%clk 0:22:39]} 18. Rae1 {[%clk 0:14:02]} Rhg8 {[%clk 0:15:03]} 19. Re2 {[%clk
0:12:36]} Rde8 {[%clk 0:11:33]} 20. Rff2 {[%clk 0:09:22]} Qd5 {[%clk 0:08:16]}
21. Rxe8+ {[%clk 0:07:50]} Rxe8 {[%clk 0:08:44]} 22. Re2 {[%clk 0:07:28]} Rxe2
{[%clk 0:07:01]} 23. Qxe2 {[%clk 0:07:53]} Qxa2 {[%clk 0:03:13]} 24. b3 {[%clk
0:07:21]} Bd7 {[%clk 0:00:49]} 25. Qe7 {[%clk 0:07:03]} c6 {[%clk 0:01:04]} 26.
Qxf6 {[%clk 0:06:45]} Qa5 {[%clk 0:00:42]} 27. Qh8+ {[%clk 0:04:38]} Kc7 {[%clk
0:01:07]} 28. Qxd4 {[%clk 0:04:57]} Bxf5 {[%clk 0:00:46]} 29. Qf4+ {[%clk
0:05:19]} 1-0

[Event "ODJM A 2022"]
[Site "Willingen GER"]
[Date "2022.06.05"]
[Round "1"]
[White "Terhuven, Patrick"]
[Black "Jenner, Meikel"]
[Result "0-1"]
[Termination "normal"]
[Board "3"]
[WhiteElo "2175"]
[BlackElo "1981"]
[WhiteClock "00:02:20"]
[BlackClock "00:28:27"]
[PlyCount "57"]
[WhiteFideId "12919098"]
[BlackFideId "16245342"]
[EventCountry "GER"]
[EventRounds "9"]
[EventType "swiss"]
[EventDate "2022.06.04"]

1. Nf3 {[%clk 1:30:57]} g5 {[%clk 1:30:38]} 2. Nxg5 {[%clk 1:30:17]} e5 {[%clk
1:31:03]} 3. d3 {[%clk 1:28:42]} Be7 {[%clk 1:27:49]} 4. Nf3 {[%clk 1:27:41]}
Nc6 {[%clk 1:28:11]} 5. e4 {[%clk 1:25:04]} Nf6 {[%clk 1:27:37]} 6. Bg5 {[%clk
1:22:37]} d5 {[%clk 1:26:18]} 7. exd5 {[%clk 1:18:14]} Nxd5 {[%clk 1:25:07]} 8.
Bxe7 {[%clk 1:17:21]} Qxe7 {[%clk 1:25:33]} 9. Nbd2 {[%clk 1:14:04]} Rg8 {[%clk
1:22:39]} 10. g3 {[%clk 1:12:01]} Bf5 {[%clk 1:19:01]} 11. Nh4 {[%clk 0:51:36]}
Be6 {[%clk 1:17:12]} 12. c3 {[%clk 0:32:41]} O-O-O {[%clk 1:14:21]} 13. Qc2
{[%clk 0:32:07]} Nf4 {[%clk 1:00:21]} 14. Nhf3 {[%clk 0:30:15]} Nh3 {[%clk
0:57:34]} 15. Ng1 {[%clk 0:25:44]} Ng5 {[%clk 0:55:46]} 16. O-O-O {[%clk
0:19:49]} Bd5 {[%clk 0:51:35]} 17. f3 {[%clk 0:19:37]} Rg6 {[%clk 0:48:00]} 18.
Kb1 {[%clk 0:16:15]} Qc5 {[%clk 0:44:47]} 19. b3 {[%clk 0:13:36]} Qe3 {[%clk
0:39:56]} 20. Ne4 {[%clk 0:10:15]} Bxe4 {[%clk 0:38:35]} 21. fxe4 {[%clk
0:08:08]} Nxe4 {[%clk 0:36:18]} 22. Nh3 {[%clk 0:05:02]} Rgd6 {[%clk 0:36:19]}
23. Kb2 {[%clk 0:04:43]} Nb4 {[%clk 0:28:10]} 24. cxb4 {[%clk 0:03:18]} Qd4+
{[%clk 0:28:07]} 25. Kb1 {[%clk 0:03:09]} Rc6 {[%clk 0:27:07]} 26. dxe4 {[%clk
0:01:50]} Qxd1+ {[%clk 0:27:33]} 27. Qxd1 {[%clk 0:01:56]} Rxd1+ {[%clk
0:28:00]} 28. Kb2 {[%clk 0:02:20]} Rcc1 {[%clk 0:28:27]} 29. Ng1 0-1

[Event "ODJM A 2022"]
[Site "Willingen GER"]
[Date "2022.06.05"]
[Round "1"]
[White "Brinkmann, Fabian"]
[Black "Brockmeyer, Tobias"]
[Result "1-0"]
[Termination "normal"]
[Board "4"]
[WhiteElo "2126"]
[BlackElo "1936"]
[WhiteClock "00:20:32"]
[BlackClock "00:02:20"]
[PlyCount "55"]
[WhiteFideId "24661414"]
[BlackFideId "12982385"]
[EventCountry "GER"]
[EventRounds "9"]
[EventType "swiss"]
[EventDate "2022.06.04"]

1. Nf3 {[%clk 1:30:56]} Nf6 {[%clk 1:30:56]} 2. d4 {[%clk 1:31:07]} e6 {[%clk
1:31:21]} 3. g3 {[%clk 1:31:00]} d5 {[%clk 1:31:48]} 4. Bg2 {[%clk 1:31:23]}
Be7 {[%clk 1:32:14]} 5. O-O {[%clk 1:31:46]} O-O {[%clk 1:32:39]} 6. b3 {[%clk
1:31:26]} b6 {[%clk 1:32:33]} 7. Bb2 {[%clk 1:30:46]} Bb7 {[%clk 1:31:59]} 8.
Nbd2 {[%clk 1:30:10]} Nbd7 {[%clk 1:31:20]} 9. Ne5 {[%clk 1:28:08]} c5 {[%clk
1:21:15]} 10. e3 {[%clk 1:19:54]} Rc8 {[%clk 1:18:08]} 11. Rc1 {[%clk 1:15:13]}
Qc7 {[%clk 1:14:10]} 12. f4 {[%clk 1:10:32]} b5 {[%clk 0:57:44]} 13. c3 {[%clk
0:53:31]} Qb6 {[%clk 0:40:22]} 14. Kh1 {[%clk 0:38:23]} a5 {[%clk 0:33:11]} 15.
g4 {[%clk 0:35:25]} Nb8 {[%clk 0:02:52]} 16. g5 {[%clk 0:32:22]} Nfd7 {[%clk
0:03:13]} 17. Qh5 {[%clk 0:27:44]} Nxe5 {[%clk 0:01:07]} 18. dxe5 {[%clk
0:24:45]} a4 {[%clk 0:00:39]} 19. Rf3 {[%clk 0:22:21]} Rfd8 {[%clk 0:00:52]}
20. Rh3 {[%clk 0:19:38]} Kf8 {[%clk 0:01:21]} 21. Qxh7 {[%clk 0:19:29]} Ke8
{[%clk 0:01:45]} 22. Qxg7 {[%clk 0:19:21]} Bf8 {[%clk 0:00:48]} 23. Rh8 {[%clk
0:19:25]} Nd7 {[%clk 0:01:00]} 24. g6 {[%clk 0:19:24]} fxg6 {[%clk 0:01:02]}
25. Qxg6+ {[%clk 0:19:47]} Ke7 {[%clk 0:01:27]} 26. Rh7+ {[%clk 0:20:11]} Bg7
{[%clk 0:01:53]} 27. Qxg7+ {[%clk 0:20:32]} Ke8 {[%clk 0:02:20]} 28. Qf7# 1-0

[Event "ODJM A 2022"]
[Site "Willingen GER"]
[Date "2022.06.05"]
[Round "1"]
[White "Paeslack, Luis"]
[Black "Wensing, Maximilian"]
[Result "0-1"]
[Termination "normal"]
[Board "5"]
[WhiteElo "1889"]
[BlackElo "2063"]
[WhiteClock "00:02:22"]
[BlackClock "00:14:45"]
[PlyCount "68"]
[WhiteFideId "12987760"]
[BlackFideId "16222415"]
[EventCountry "GER"]
[EventRounds "9"]
[EventType "swiss"]
[EventDate "2022.06.04"]

1. d4 {[%clk 1:30:56]} Nf6 {[%clk 1:30:51]} 2. c4 {[%clk 1:31:21]} g6 {[%clk
1:31:12]} 3. Nc3 {[%clk 1:31:39]} d5 {[%clk 1:30:53]} 4. Qb3 {[%clk 1:30:50]}
dxc4 {[%clk 1:25:57]} 5. Qxc4 {[%clk 1:31:13]} a6 {[%clk 1:26:24]} 6. Nf3
{[%clk 1:26:44]} b5 {[%clk 1:26:44]} 7. Qb3 {[%clk 1:23:02]} Nc6 {[%clk
1:18:49]} 8. e3 {[%clk 0:41:25]} Bg7 {[%clk 1:05:16]} 9. Bd3 {[%clk 0:38:22]}
O-O {[%clk 0:53:00]} 10. O-O {[%clk 0:34:03]} Be6 {[%clk 0:41:33]} 11. Qd1
{[%clk 0:31:36]} Nb4 {[%clk 0:38:44]} 12. Bb1 {[%clk 0:26:17]} c5 {[%clk
0:36:40]} 13. b3 {[%clk 0:11:04]} Rc8 {[%clk 0:19:38]} 14. Bb2 {[%clk 0:07:26]}
cxd4 {[%clk 0:16:14]} 15. Nxd4 {[%clk 0:07:25]} Bg4 {[%clk 0:16:25]} 16. Qe1
{[%clk 0:04:28]} e5 {[%clk 0:15:37]} 17. Nf3 {[%clk 0:03:48]} Bxf3 {[%clk
0:14:17]} 18. gxf3 {[%clk 0:04:13]} Nd3 {[%clk 0:14:43]} 19. Bxd3 {[%clk
0:04:25]} Qxd3 {[%clk 0:15:10]} 20. Rd1 {[%clk 0:03:49]} Qf5 {[%clk 0:15:37]}
21. Qe2 {[%clk 0:03:00]} b4 {[%clk 0:15:52]} 22. Nd5 {[%clk 0:01:52]} Nxd5
{[%clk 0:16:11]} 23. Rxd5 {[%clk 0:02:18]} Rc2 {[%clk 0:16:30]} 24. Rd2 {[%clk
0:02:45]} Rxd2 {[%clk 0:13:29]} 25. Qxd2 {[%clk 0:03:13]} Qxf3 {[%clk 0:13:53]}
26. Qxb4 {[%clk 0:03:30]} Rc8 {[%clk 0:13:05]} 27. Qd6 {[%clk 0:02:03]} Qg4+
{[%clk 0:13:22]} 28. Kh1 {[%clk 0:02:28]} Qe2 {[%clk 0:13:36]} 29. Rb1 {[%clk
0:01:28]} Qxf2 {[%clk 0:13:54]} 30. Qxa6 {[%clk 0:01:37]} Qf3+ {[%clk 0:14:05]}
31. Kg1 {[%clk 0:01:59]} Qxe3+ {[%clk 0:14:18]} 32. Kf1 {[%clk 0:02:03]} Rc2
{[%clk 0:14:21]} 33. Qa8+ {[%clk 0:01:56]} Bf8 {[%clk 0:14:45]} 34. Ba3 {[%clk
0:02:22]} Qf2# 0-1

[Event "ODJM A 2022"]
[Site "Willingen GER"]
[Date "2022.06.05"]
[Round "1"]
[White "François, Yannick"]
[Black "Sabirov, Ramil"]
[Result "1-0"]
[Termination "normal"]
[Board "7"]
[WhiteElo "1867"]
[BlackElo "2124"]
[WhiteClock "00:42:02"]
[BlackClock "00:30:32"]
[PlyCount "85"]
[WhiteFideId "16200918"]
[BlackFideId "12900303"]
[EventCountry "GER"]
[EventRounds "9"]
[EventType "swiss"]
[EventDate "2022.06.04"]

1. c4 {[%clk 1:30:53]} c5 {[%clk 1:30:48]} 2. Nc3 {[%clk 1:31:14]} Nc6 {[%clk
1:30:55]} 3. g3 {[%clk 1:31:27]} g6 {[%clk 1:31:17]} 4. Bg2 {[%clk 1:31:46]}
Bg7 {[%clk 1:31:42]} 5. d3 {[%clk 1:29:43]} e6 {[%clk 1:26:20]} 6. e4 {[%clk
1:28:56]} Nge7 {[%clk 1:24:38]} 7. Nge2 {[%clk 1:29:07]} d6 {[%clk 1:22:05]} 8.
O-O {[%clk 1:28:04]} O-O {[%clk 1:22:06]} 9. Be3 {[%clk 1:27:56]} Nd4 {[%clk
1:20:50]} 10. Qd2 {[%clk 1:24:46]} Rb8 {[%clk 1:14:49]} 11. Rab1 {[%clk
1:18:59]} b6 {[%clk 1:04:07]} 12. Bh6 {[%clk 1:11:23]} Nec6 {[%clk 0:53:29]}
13. Bxg7 {[%clk 1:11:18]} Kxg7 {[%clk 0:53:53]} 14. Nxd4 {[%clk 1:10:57]} Nxd4
{[%clk 0:54:06]} 15. b4 {[%clk 1:02:29]} Bb7 {[%clk 0:42:19]} 16. Ne2 {[%clk
0:56:39]} Qf6 {[%clk 0:34:16]} 17. Nxd4 {[%clk 0:55:19]} Qxd4 {[%clk 0:32:40]}
18. Qb2 {[%clk 0:55:36]} Qxb2 {[%clk 0:28:02]} 19. Rxb2 {[%clk 0:55:52]} Rfd8
{[%clk 0:27:28]} 20. Rd1 {[%clk 0:50:54]} Rbc8 {[%clk 0:20:19]} 21. a3 {[%clk
0:48:56]} Rc7 {[%clk 0:18:55]} 22. Kf1 {[%clk 0:48:41]} Bc6 {[%clk 0:16:53]}
23. Ke2 {[%clk 0:45:24]} Kf6 {[%clk 0:13:43]} 24. Rc1 {[%clk 0:38:34]} g5
{[%clk 0:10:43]} 25. Rd2 {[%clk 0:32:28]} Ke5 {[%clk 0:05:07]} 26. Ke3 {[%clk
0:31:24]} f5 {[%clk 0:04:46]} 27. f4+ {[%clk 0:30:21]} gxf4+ {[%clk 0:05:12]}
28. gxf4+ {[%clk 0:30:39]} Kf6 {[%clk 0:05:39]} 29. bxc5 {[%clk 0:30:34]} bxc5
{[%clk 0:05:05]} 30. Rb1 {[%clk 0:30:03]} Re8 {[%clk 0:02:39]} 31. Rdb2 {[%clk
0:28:28]} Rcc8 {[%clk 0:01:47]} 32. Bf3 {[%clk 0:27:24]} Ba8 {[%clk 0:01:25]}
33. a4 {[%clk 0:23:50]} Bc6 {[%clk 0:01:34]} 34. a5 {[%clk 0:23:54]} h6 {[%clk
0:00:49]} 35. a6 {[%clk 0:18:22]} Rg8 {[%clk 0:00:47]} 36. Rg2 {[%clk 0:17:27]}
Rxg2 {[%clk 0:01:00]} 37. Bxg2 {[%clk 0:17:51]} e5 {[%clk 0:01:09]} 38. Bh3
{[%clk 0:17:20]} Bd7 {[%clk 0:01:00]} 39. Rb7 {[%clk 0:16:57]} Be6 {[%clk
0:01:27]} 40. Rxa7 {[%clk 0:16:30]} fxe4 {[%clk 0:00:57]} 41. fxe5+ {[%clk
0:11:53]} dxe5 {[%clk 0:30:06]} 42. Bxe6 {[%clk 0:42:04]} Kxe6 {[%clk 0:30:32]}
43. Kxe4 {[%clk 0:42:02]} 1-0

[Event "ODJM A 2022"]
[Site "Willingen GER"]
[Date "2022.06.05"]
[Round "1"]
[White "Kardoeus, David"]
[Black "Noever, Niklas"]
[Result "1-0"]
[Termination "normal"]
[Board "8"]
[WhiteElo "2142"]
[BlackElo "1869"]
[WhiteClock "00:15:50"]
[BlackClock "00:27:44"]
[PlyCount "95"]
[WhiteFideId "12912050"]
[BlackFideId "12988642"]
[EventCountry "GER"]
[EventRounds "9"]
[EventType "swiss"]
[EventDate "2022.06.04"]

1. Nf3 {[%clk 1:30:50]} d5 {[%clk 1:30:36]} 2. c4 {[%clk 1:30:58]} e6 {[%clk
1:30:15]} 3. d4 {[%clk 1:31:02]} c5 {[%clk 1:29:35]} 4. cxd5 {[%clk 1:29:12]}
exd5 {[%clk 1:27:34]} 5. Nc3 {[%clk 1:28:23]} Nc6 {[%clk 1:23:23]} 6. g3 {[%clk
1:24:25]} Nf6 {[%clk 1:22:49]} 7. Bg2 {[%clk 1:24:27]} Be7 {[%clk 1:20:00]} 8.
O-O {[%clk 1:22:27]} O-O {[%clk 1:19:36]} 9. Be3 {[%clk 1:22:21]} b6 {[%clk
1:09:27]} 10. Rc1 {[%clk 1:18:34]} Bb7 {[%clk 1:07:43]} 11. Qa4 {[%clk
1:17:45]} a6 {[%clk 1:02:02]} 12. dxc5 {[%clk 1:14:34]} bxc5 {[%clk 0:59:27]}
13. Rfd1 {[%clk 1:14:05]} Qb6 {[%clk 0:54:12]} 14. Bg5 {[%clk 1:08:15]} Nb4
{[%clk 0:44:51]} 15. Ne5 {[%clk 1:00:29]} Rfd8 {[%clk 0:33:07]} 16. a3 {[%clk
0:51:57]} Nc6 {[%clk 0:28:20]} 17. Nxc6 {[%clk 0:24:52]} Bxc6 {[%clk 0:27:35]}
18. Qc2 {[%clk 0:24:52]} Qb7 {[%clk 0:22:23]} 19. Na4 {[%clk 0:22:36]} c4
{[%clk 0:21:10]} 20. b4 {[%clk 0:21:54]} a5 {[%clk 0:16:26]} 21. Nc5 {[%clk
0:22:18]} Qb5 {[%clk 0:16:01]} 22. Qc3 {[%clk 0:22:08]} axb4 {[%clk 0:15:33]}
23. axb4 {[%clk 0:22:34]} h6 {[%clk 0:13:19]} 24. Be3 {[%clk 0:22:06]} Ra2
{[%clk 0:11:47]} 25. Bf3 {[%clk 0:17:20]} Rda8 {[%clk 0:11:44]} 26. Qe5 {[%clk
0:16:57]} Bf8 {[%clk 0:08:03]} 27. Rb1 {[%clk 0:17:01]} Re8 {[%clk 0:06:54]}
28. Qd4 {[%clk 0:10:14]} Bd6 {[%clk 0:06:38]} 29. Bf4 {[%clk 0:08:54]} Bxf4
{[%clk 0:06:12]} 30. Qxf4 {[%clk 0:07:27]} Ne4 {[%clk 0:02:27]} 31. Bxe4 {[%clk
0:03:30]} dxe4 {[%clk 0:02:40]} 32. Qe3 {[%clk 0:03:33]} c3 {[%clk 0:02:06]}
33. Re1 {[%clk 0:00:45]} c2 {[%clk 0:00:54]} 34. Rb3 {[%clk 0:01:07]} Bd5
{[%clk 0:01:00]} 35. Rc3 {[%clk 0:00:48]} Qxb4 {[%clk 0:00:44]} 36. Rc1 {[%clk
0:00:52]} Rc8 {[%clk 0:00:32]} 37. Nxe4 {[%clk 0:00:33]} Re8 {[%clk 0:00:33]}
38. Nf6+ {[%clk 0:00:45]} gxf6 {[%clk 0:00:42]} 39. Qxe8+ Kg7 {[%clk 0:00:56]}
40. Rc8 {[%clk 0:00:39]} Kg6 {[%clk 0:00:33]} 41. Qg8+ {[%clk 0:26:34]} Kf5
{[%clk 0:26:31]} 42. Qh7+ {[%clk 0:21:01]} Ke6 {[%clk 0:26:56]} 43. Qxh6 {[%clk
0:16:26]} Rb2 {[%clk 0:26:20]} 44. Qe3+ {[%clk 0:15:01]} Kd7 {[%clk 0:26:36]}
45. Qe8+ {[%clk 0:15:18]} Kd6 {[%clk 0:27:02]} 46. Qf8+ {[%clk 0:15:18]} Ke5
{[%clk 0:27:17]} 47. Qxb4 {[%clk 0:15:40]} Rxb4 {[%clk 0:27:44]} 48. R8xc2
{[%clk 0:15:50]} 1-0

[Event "ODJM A 2022"]
[Site "Willingen GER"]
[Date "2022.06.05"]
[Round "1"]
[White "Kesselmeier, Kevin"]
[Black "Garbuz, Vitaly"]
[Result "0-1"]
[Termination "normal"]
[Board "9"]
[WhiteElo "1927"]
[BlackElo "2134"]
[WhiteClock "00:01:03"]
[BlackClock "00:20:29"]
[PlyCount "66"]
[WhiteFideId "16217551"]
[BlackFideId "12990710"]
[EventCountry "GER"]
[EventRounds "9"]
[EventType "swiss"]
[EventDate "2022.06.04"]

1. e4 {[%clk 1:30:31]} c5 {[%clk 1:30:53]} 2. Nf3 {[%clk 1:30:43]} g6 {[%clk
1:31:19]} 3. d4 {[%clk 1:29:33]} cxd4 {[%clk 1:30:27]} 4. Nxd4 {[%clk 1:28:35]}
Bg7 {[%clk 1:30:50]} 5. Nc3 {[%clk 1:25:34]} Nc6 {[%clk 1:31:11]} 6. Be3 {[%clk
1:25:23]} Nf6 {[%clk 1:31:33]} 7. Bc4 {[%clk 0:51:30]} Qa5 {[%clk 1:31:47]} 8.
O-O {[%clk 0:25:51]} O-O {[%clk 1:30:19]} 9. Bb3 {[%clk 0:23:23]} d6 {[%clk
1:30:36]} 10. h3 {[%clk 0:21:55]} Bd7 {[%clk 1:30:51]} 11. f4 {[%clk 0:18:44]}
Nxd4 {[%clk 1:25:23]} 12. Bxd4 {[%clk 0:18:21]} Bc6 {[%clk 1:24:39]} 13. Qd3
{[%clk 0:08:44]} Rac8 {[%clk 1:00:33]} 14. Rad1 {[%clk 0:05:42]} Nd7 {[%clk
0:57:32]} 15. Bxg7 {[%clk 0:04:37]} Kxg7 {[%clk 0:56:05]} 16. Qd4+ {[%clk
0:01:21]} Kg8 {[%clk 0:55:14]} 17. Kh2 {[%clk 0:00:58]} Qc5 {[%clk 0:53:36]}
18. Qd3 {[%clk 0:00:50]} Nf6 {[%clk 0:52:29]} 19. f5 {[%clk 0:00:37]} Qe5+
{[%clk 0:52:08]} 20. g3 {[%clk 0:00:32]} Bxe4 {[%clk 0:30:46]} 21. Nxe4 {[%clk
0:00:39]} Qxe4 {[%clk 0:30:58]} 22. Qxe4 {[%clk 0:00:44]} Nxe4 {[%clk 0:31:22]}
23. fxg6 {[%clk 0:00:39]} hxg6 {[%clk 0:31:48]} 24. Rfe1 {[%clk 0:00:35]} Nc5
{[%clk 0:32:13]} 25. Rxe7 Nxb3 {[%clk 0:32:30]} 26. cxb3 {[%clk 0:00:50]} Rc2+
{[%clk 0:32:54]} 27. Kg1 {[%clk 0:01:06]} Rxb2 {[%clk 0:32:24]} 28. Rxb7 {[%clk
0:00:52]} Re8 {[%clk 0:29:53]} 29. Rf1 {[%clk 0:00:35]} Rxa2 {[%clk 0:22:14]}
30. Rfxf7 {[%clk 0:00:37]} Re1+ {[%clk 0:22:23]} 31. Rf1 {[%clk 0:00:58]} Ree2
{[%clk 0:21:01]} 32. Rff7 {[%clk 0:00:39]} Re1+ {[%clk 0:20:13]} 33. Rf1 {[%clk
0:01:03]} Re3 {[%clk 0:20:29]} 0-1

[Event "ODJM A 2022"]
[Site "Willingen GER"]
[Date "2022.06.05"]
[Round "1"]
[White "Savchenko, Daniel"]
[Black "Struck, Lasse"]
[Result "0-1"]
[Termination "normal"]
[Board "10"]
[WhiteElo "2134"]
[BlackElo "1847"]
[WhiteClock "00:11:32"]
[BlackClock "00:16:45"]
[PlyCount "48"]
[WhiteFideId "12919195"]
[BlackFideId "16255623"]
[EventCountry "GER"]
[EventRounds "9"]
[EventType "swiss"]
[EventDate "2022.06.04"]

1. e4 {[%clk 1:30:56]} c5 {[%clk 1:30:55]} 2. Nf3 {[%clk 1:31:16]} e6 {[%clk
1:31:12]} 3. d4 {[%clk 1:31:34]} cxd4 {[%clk 1:31:36]} 4. Nxd4 {[%clk 1:31:56]}
Nc6 {[%clk 1:31:57]} 5. Nb3 {[%clk 1:32:15]} Nf6 {[%clk 1:20:16]} 6. Bd3 {[%clk
1:31:02]} Be7 {[%clk 1:19:13]} 7. O-O {[%clk 1:31:00]} O-O {[%clk 1:14:34]} 8.
Qe2 {[%clk 1:27:47]} Ne5 {[%clk 1:08:16]} 9. Nc3 {[%clk 1:22:03]} b6 {[%clk
1:05:36]} 10. f4 {[%clk 1:12:23]} Nxd3 {[%clk 1:05:19]} 11. Qxd3 {[%clk
1:12:23]} Bb7 {[%clk 1:00:22]} 12. Bd2 {[%clk 0:47:10]} Rc8 {[%clk 0:53:50]}
13. e5 {[%clk 0:43:50]} Nd5 {[%clk 0:53:04]} 14. Ne4 {[%clk 0:43:38]} Qc7
{[%clk 0:47:26]} 15. Nd4 {[%clk 0:37:42]} f5 {[%clk 0:42:39]} 16. Ng3 {[%clk
0:33:58]} Ba8 {[%clk 0:26:21]} 17. Nge2 {[%clk 0:31:12]} Qb7 {[%clk 0:25:11]}
18. Nf3 {[%clk 0:30:18]} Rc7 {[%clk 0:24:20]} 19. Ned4 {[%clk 0:26:29]} Rfc8
{[%clk 0:24:27]} 20. Rfc1 {[%clk 0:26:17]} a6 {[%clk 0:22:54]} 21. a3 {[%clk
0:17:14]} b5 {[%clk 0:20:25]} 22. h3 {[%clk 0:15:19]} Nb6 {[%clk 0:18:23]} 23.
Ba5 {[%clk 0:11:48]} Rc4 {[%clk 0:16:31]} 24. b3 {[%clk 0:11:32]} Rxd4 {[%clk
0:16:45]} 0-1

[Event "ODJM A 2022"]
[Site "Willingen GER"]
[Date "2022.06.05"]
[Round "1"]
[White "Metzinger, Hannes"]
[Black "Köhler, Lukas"]
[Result "0-1"]
[Termination "normal"]
[Board "11"]
[WhiteElo "1845"]
[BlackElo "2099"]
[WhiteClock "00:32:18"]
[BlackClock "00:19:14"]
[PlyCount "40"]
[WhiteFideId "16239350"]
[BlackFideId "16221990"]
[EventCountry "GER"]
[EventRounds "9"]
[EventType "swiss"]
[EventDate "2022.06.04"]

1. e4 {[%clk 1:30:57]} c6 {[%clk 1:30:46]} 2. c4 {[%clk 1:31:22]} d5 {[%clk
1:31:08]} 3. exd5 {[%clk 1:31:47]} cxd5 {[%clk 1:31:31]} 4. cxd5 {[%clk
1:32:12]} Nf6 {[%clk 1:31:51]} 5. Nc3 {[%clk 1:32:38]} Nxd5 {[%clk 1:30:57]} 6.
Nf3 {[%clk 1:33:03]} Nxc3 {[%clk 1:31:16]} 7. bxc3 {[%clk 1:33:25]} Qc7 {[%clk
1:31:31]} 8. d4 {[%clk 1:29:05]} Nd7 {[%clk 1:31:10]} 9. Qb3 {[%clk 1:24:04]}
e6 {[%clk 1:25:44]} 10. Bd3 {[%clk 1:22:43]} Bd6 {[%clk 1:18:29]} 11. Ng5
{[%clk 1:11:49]} Nf6 {[%clk 1:09:56]} 12. h3 {[%clk 1:12:13]} Bd7 {[%clk
1:07:07]} 13. O-O {[%clk 1:10:16]} Bc6 {[%clk 1:04:11]} 14. Re1 {[%clk
1:09:48]} O-O {[%clk 1:02:00]} 15. c4 {[%clk 1:09:47]} Rac8 {[%clk 0:43:14]}
16. c5 {[%clk 0:57:36]} Be7 {[%clk 0:31:15]} 17. Rb1 {[%clk 0:38:14]} h6 {[%clk
0:20:29]} 18. Nxe6 {[%clk 0:32:02]} fxe6 {[%clk 0:20:31]} 19. Qxe6+ {[%clk
0:32:27]} Kh8 {[%clk 0:19:14]} 20. Qxe7 {[%clk 0:32:18]} Rfe8 0-1